| 000 | 00876cab a2200217 4500 | ||
|---|---|---|---|
| 001 | L136888 | ||
| 008 | 070228n2007 000 0 eng u | ||
| 035 | _a(Sirsi) u136888 | ||
| 041 | 0 | _aeng | |
| 100 | 1 | _aHeath, Gordon | |
| 245 | 0 | 4 | _aThe ratings game |
| 260 | _c2007 | ||
| 490 | 4 |
_aIRRV Faculty Review _vFebruary 2007, 19(1) |
|
| 520 | _aDiscusses the business rates relief scheme, and whether there is a need for such a scheme considering the small amounts of relief involved. Discusses how new regulations bring back the right of appeal | ||
| 590 | _aKA | ||
| 650 | 2 | 4 | _aGALLAGHER V CHURCH OF JESUS CHRIST OF LATTER-DAY SAINTS |
| 650 | 2 | 4 | _aNON-DOMESTIC RATING (ALTERATION OF LISTS AND APPEALS) (ENGLAND) (AMENDMENT) REGULATIONS 2006 |
| 651 | 4 |
_aEngland _y886- |
|
| 690 | _aPROPERTY-COMMERCIAL PROPERTY-COMMERCIAL PROPERTY TAXATION-BUSINESS RATES | ||
| 942 | _n0 | ||
| 999 |
_c78482 _d78482 |
||